Monitoring a riadenie zariadení cez zabezpečený kanál

Guardado en:
Detalles Bibliográficos
Autor principal: Zátka, Tomáš (Autor)
Otros Autores: Kunštár, Vladimír (Orientador)
Formato: Manuscrito Libro
Lenguaje:eslovaco
Publicado: 2022
Materias:
Acceso en línea:http://is.stuba.sk/zp/portal_zp.pl?podrobnosti=163921
Etiquetas: Agregar Etiqueta
Sin Etiquetas, Sea el primero en etiquetar este registro!

MARC

LEADER 00000ntm a22000003a 4500
001 stuzp90788
003 SK-STU
005 20220618212422.7
007 ta
008 150427s2015----xo-----f-mn---000-0-slo-d
040 |a STU  |b slo 
041 0 |a slo 
100 1 |a Zátka, Tomáš  |u 070400  |4 aut  |U FIIT Fakulta informatiky a informačných technológií  |T FIIT Ústav počítačového inžinierstva a aplikovanej informatiky  |X 79818  |U I400  |Y 672  |7 79818 
242 0 1 |a Monitoring and control of devices via a secure channel  |y eng 
245 1 0 |a Monitoring a riadenie zariadení cez zabezpečený kanál 
260 |c 2022 
650 4 |a IoT  |2 slo 
650 4 |a Security  |2 slo 
650 4 |a Smart Card  |2 slo 
650 4 |a Monitoring  |2 slo 
650 4 |a Smart Card  |2 eng 
650 4 |a IoT  |2 eng 
650 4 |a Monitoring  |2 eng 
650 4 |a Security  |2 eng 
700 1 |a Kunštár, Vladimír  |4 ths  |X 64527  |7 A000064527 
856 4 |u http://is.stuba.sk/zp/portal_zp.pl?podrobnosti=163921